Probabilidad y estadística para ingeniería : un enfoque moderno /
Contenido: ; 1) Introducción; 2) Métodos de muestreo; 3) Análisis exploratorio de datos; 4) Estadística descriptiva; 5) Probabilidad teórica y empírica; 6) Análisis combinatorio y teorema de Bayes; 7) Variables aleatorias discretas; 8) Distribuciones discretas; 9) Variables aleatorias continuas y di...
Kaydedildi:
| Yazar: | |
|---|---|
| Diğer Yazarlar: | |
| Materyal Türü: | Kitap |
| Dil: | İspanyolca |
| Baskı/Yayın Bilgisi: |
México :
McGraw-Hill,
2010, c2010
|
| Konular: | |
| Etiketler: |
Etiket eklenmemiş, İlk siz ekleyin!
|
MARC
| LEADER | 00000nam^a2200000^a^4500 | ||
|---|---|---|---|
| 001 | 000336904 | ||
| 005 | 20250521000000.0 | ||
| 009 | 20260310114312.61 | ||
| 020 | |a 978-970-10-6890-8 | ||
| 037 | |a Acervo ITESO - Biblioteca | ||
| 041 | |a ESP | ||
| 082 | |a 519. 5 |b NIE | ||
| 100 | |a Nieves Hurtado, Antonio |e (autor) | ||
| 245 | 1 | 0 | |a Probabilidad y estadística para ingeniería : |b un enfoque moderno / |c A. Nieves Hurtado, F.C. Domínguez Sánchez. |
| 264 | 4 | |a México : |b McGraw-Hill, |c 2010, c2010 | |
| 300 | |a XXII, 548 p. + |e 1 disco compacto de computadora | ||
| 336 | |a texto |b txt |2 rdacontenido | ||
| 337 | |a sin mediación |b n |2 rdamedio | ||
| 338 | |a volumen |b nc |2 rdasoporte | ||
| 520 | |a Contenido: ; 1) Introducción; 2) Métodos de muestreo; 3) Análisis exploratorio de datos; 4) Estadística descriptiva; 5) Probabilidad teórica y empírica; 6) Análisis combinatorio y teorema de Bayes; 7) Variables aleatorias discretas; 8) Distribuciones discretas; 9) Variables aleatorias continuas y distribución normal; 10) Distribución de muestras y el teorema del límite central; 11) Estimación puntual y de intervalo; 12) Pruebas de hipótesis. | ||
| 521 | |a 2013 BO Licenciatura en Ingeniería en Empresas de Servicios | ||
| 649 | |a XX | ||
| 650 | |a Estadística - |x Tema Principal | ||
| 650 | |a Probabilidad - |x Tema Principal | ||
| 650 | |a Matemáticas de Ingeniería | ||
| 650 | |a Matemáticas | ||
| 700 | |a Domínguez Sánchez, Federico C. |e (autor) | ||
| 910 | |a Fondo General | ||
| 920 | |a Impresos - Libros | ||
| 930 | |a Colección General | ||
| 905 | |a 101 | ||
| 901 | |a 0500226716 |b IT1 |c ACC |i C138473 |u 20250521 | ||
| 901 | |a 0500226773 |b IT1 |c ACC |i C138474 |u 20250521 | ||
| 901 | |a 0500226772 |b IT2 |c SWS |i D138474 |u 20250521 | ||
| 901 | |a 0500226771 |b IT2 |c SWS |i C138473 |u 20250521 | ||
| 902 | |a https://opac.biblio.iteso.mx/vufind/Record/000336904 | ||